Visualizzazione normale
Vista MARC
- Beatles (The)
di Personal Name
Records bibliografici associati: 1
001 - CONTROL NUMBER
- control field: 23131
003 - CONTROL NUMBER IDENTIFIER
- control field: IT-RoPau
005 - DATE AND TIME OF LATEST TRANSACTION
- control field: 20140430151530.0
008 - FIXED-LENGTH DATA ELEMENTS
- fixed length control field: 140430|| aca||aabn | a|a d
040 ## - CATALOGING SOURCE
- Original cataloging agency: IT-RoPau
- Transcribing agency: IT-RoPau
100 ## - HEADING--PERSONAL NAME
- Personal name: Beatles (The)
670 ## - SOURCE DATA FOUND
- Source citation: Work cat.: (IT-RoPau)100253: Beatles (The), Magical Mystery Tour (The Beatles)